000 00271nam a2200109Ia 4500
008 190914s9999||||xx |||||||||||||| ||und||
100 _aShyam Dua
245 4 _aThe Luminous Life of Kapil Dev
260 _aPakistan
_bFEP International
_c2001
300 _a415
942 _cBK
999 _c8958
_d8958